[Event "WchT Blitz Pool A"]
[Site "London"]
[Date "2025.06.14"]
[Round "11.3"]
[White "Kunz, Andre"]
[Black "Glek, Igor Vladimirovich"]
[Result "0-1"]
[WhiteElo "2128"]
[BlackElo "2444"]
[PlyCount "124"]
[EventDate "2025.06.14"]
[EventType "team-tourn"]
[EventRounds "13"]
[EventCountry "ENG"]
[SourceTitle "CB25_2025"]
[SourceDate "2025.06.18"]
[SourceVersion "1"]
[SourceVersionDate "2025.06.18"]
[SourceQuality "1"]
[WhiteTeam "Berlin Lasker Legends"]
[BlackTeam "Global Ramblers"]
[WhiteTeamCountry "GER"]
[BlackTeamCountry "UKR"]

1. e4 c5 2. c3 e6 3. d4 d5 4. exd5 Qxd5 5. Nf3 a6 6. Bd3 Nf6 7. 0-0 Be7 8. Be3 Nbd7 9. Qe2 0-0 10. c4 Qd6 11. Nc3 b6 12. Rad1 Bb7 13. dxc5 Qc7 14. cxb6 Nxb6 15. b3 Ng4 16. Bxb6 Qxb6 17. Be4 Nf6 18. Bxb7 Qxb7 19. Rd3 Rfd8 20. Rfd1 Rxd3 21. Rxd3 h6 22. h3 Bb4 23. Na4 a5 24. Qe5 Rc8 25. Qd4 Ne4 26. Qd7 Rc7 27. Qd8+ Kh7 28. Qd4 Nc5 29. Nxc5 Bxc5 30. Qf4 Rd7 31. Rxd7 Qxd7 32. Qd2 Qc7 33. Kf1 g6 34. Qd3 Qa7 35. Qd2 Qc7 36. g3 Qc6 37. Kg2 Qe4 38. h4 Bb4 39. Qe3 Qb7 40. Qf4 Kg7 41. h5 g5 42. Qe5+ Kh7 43. Qf6 Bf8 44. Kg1 Bg7 45. Qd8 Qxf3 46. Qd7 Qxh5 47. Kg2 g4 48. Qd2 Qf5 49. a3 h5 50. b4 axb4 51. axb4 Bf8 52. c5 Qd5+ 53. Qxd5 exd5 54. f4 Kg6 55. Kf2 Kf5 56. Ke3 Ke6 57. Kd4 Bg7+ 58. Ke3 f5 59. b5 d4+ 60. Kd3 Kd5 61. c6 Kd6 62. Kc4 h4 0-1

[Event "WchT Blitz Pool A"]
[Site "London"]
[Date "2025.06.14"]
[Round "2.3"]
[White "Kunz, Andre"]
[Black "Muetsch, Annmarie"]
[Result "1-0"]
[WhiteElo "2128"]
[BlackElo "2271"]
[PlyCount "69"]
[EventDate "2025.06.14"]
[EventType "team-tourn"]
[EventRounds "13"]
[EventCountry "ENG"]
[SourceTitle "CB25_2025"]
[SourceDate "2025.06.18"]
[SourceVersion "1"]
[SourceVersionDate "2025.06.18"]
[SourceQuality "1"]
[WhiteTeam "Berlin Lasker Legends"]
[BlackTeam "Allez-Y Initiative!"]
[WhiteTeamCountry "GER"]
[BlackTeamCountry "DEN"]

1. e4 d6 2. d4 Nf6 3. Nc3 e5 4. Nf3 Nbd7 5. Be2 Be7 6. 0-0 c6 7. Re1 Qc7 8. a4 a5 9. h3 h6 10. Bf1 Nf8 11. Be3 Ng6 12. Qd2 0-0 13. Rad1 Kh7 14. d5 c5 15. Nb5 Qd8 16. Bd3 b6 17. c4 Nh5 18. Kh2 Nhf4 19. Bc2 Bd7 20. Ng1 Bxb5 21. axb5 Bg5 22. g3 Nh5 23. Rf1 Bxe3 24. Qxe3 Qg5 25. Qe2 Ne7 26. Nf3 Qf6 27. Nh4 g6 28. Qe3 Qg5 29. Qe2 Qf6 30. Ng2 Qg7 31. f4 exf4 32. gxf4 Qxb2 33. e5 Nf5 34. Rf2 Nd4 35. Bxg6+ 1-0

[Event "WchT Rapid"]
[Site "London"]
[Date "2025.06.13"]
[Round "10.3"]
[White "Kunz, Andre"]
[Black "Dishman, Stephen"]
[Result "1/2-1/2"]
[WhiteElo "2128"]
[BlackElo "2266"]
[PlyCount "69"]
[EventDate "2025.06.11"]
[EventType "team-swiss"]
[EventRounds "12"]
[EventCountry "ENG"]
[SourceTitle "CB25_2025"]
[SourceDate "2025.06.18"]
[SourceVersion "1"]
[SourceVersionDate "2025.06.18"]
[SourceQuality "1"]
[WhiteTeam "Berlin Lasker Legends"]
[BlackTeam "Sassy Seniors"]
[WhiteTeamCountry "GER"]
[BlackTeamCountry "ENG"]

1. e4 c6 2. d4 d5 3. Nd2 dxe4 4. Nxe4 Bf5 5. Ng3 Bg6 6. h4 h6 7. Nh3 Nf6 8. Nf4 Bh7 9. Bc4 e6 10. 0-0 Bd6 11. Re1 0-0 12. c3 Nd5 13. Bxd5 cxd5 14. Qg4 Kh8 15. Nfh5 Rg8 16. Bf4 Nc6 17. Re3 Ne7 18. Qf3 Nf5 19. Nxf5 Bxf5 20. Bxd6 Qxd6 21. Ng3 g6 22. Rae1 Rad8 23. Re5 h5 24. Nxf5 exf5 25. Re7 Rd7 26. Qe3 Kg7 27. Rxd7 Qxd7 28. Qe5+ Kh7 29. Qe7 Rd8 30. Re5 Kg7 31. Qc5 b6 32. Qe7 a5 33. a3 Qd6 34. g3 Rd7 35. Qxd6 1/2-1/2

[Event "WchT Rapid"]
[Site "London"]
[Date "2025.06.12"]
[Round "8.3"]
[White "Kunz, Andre"]
[Black "Munkhzul, Turmunkh"]
[Result "0-1"]
[WhiteElo "2128"]
[BlackElo "2357"]
[PlyCount "124"]
[EventDate "2025.06.11"]
[EventType "team-swiss"]
[EventRounds "12"]
[EventCountry "ENG"]
[SourceTitle "CB25_2025"]
[SourceDate "2025.06.18"]
[SourceVersion "1"]
[SourceVersionDate "2025.06.18"]
[SourceQuality "1"]
[WhiteTeam "Berlin Lasker Legends"]
[BlackTeam "Mongolia"]
[WhiteTeamCountry "GER"]
[BlackTeamCountry "MGL"]

1. e4 c5 2. c3 Nf6 3. e5 Nd5 4. d4 cxd4 5. Nf3 Nc6 6. cxd4 d6 7. Bc4 dxe5 8. dxe5 Ndb4 9. Qb3 e6 10. 0-0 Na5 11. Qa4+ Bd7 12. Bb5 Bxb5 13. Qxb5+ Nac6 14. Na3 a6 15. Qe2 Qd3 16. Re1 Be7 17. Bg5 Rd8 18. Qe3 Qxe3 19. Rxe3 Nd5 20. Rb3 Bxg5 21. Nxg5 b5 22. Nf3 Ke7 23. Nc2 Rc8 24. Ncd4 Nxd4 25. Nxd4 Rc4 26. Nf3 Rhc8 27. g3 Rc2 28. Re1 R8c4 29. Kg2 Rb4 30. Rxb4 Nxb4 31. a4 Rxb2 32. axb5 axb5 33. Nd4 Nd3 34. Rf1 Nxe5 35. Kg1 Rb4 36. Nc2 Rb3 37. Ra1 Rc3 38. Ra7+ Kf6 39. Nd4 Nf3+ 40. Nxf3 Rxf3 41. Rb7 Rb3 42. Kg2 b4 43. f4 h5 44. Rb5 Rb2+ 45. Kh3 Kg6 46. Rb6 b3 47. Rb5 f6 48. Rb6 Kf5 49. Rb5+ e5 50. fxe5 fxe5 51. Rb4 g5 52. g4+ hxg4+ 53. Kg3 Rb1 54. Rb8 b2 55. Kg2 Ke4 56. Rb4+ Kd3 57. Rb8 e4 58. Rd8+ Ke3 59. Rb8 Rd1 60. Rb3+ Rd3 61. Rb5 Rd2+ 62. Kg3 Kd3 0-1

[Event "WchT Rapid"]
[Site "London"]
[Date "2025.06.11"]
[Round "2.3"]
[White "Munguntuul, Batkhuyag"]
[Black "Kunz, Andre"]
[Result "1-0"]
[WhiteElo "2291"]
[BlackElo "2128"]
[PlyCount "75"]
[EventDate "2025.06.11"]
[EventType "team-swiss"]
[EventRounds "12"]
[EventCountry "ENG"]
[SourceTitle "CB25_2025"]
[SourceDate "2025.06.18"]
[SourceVersion "1"]
[SourceVersionDate "2025.06.18"]
[SourceQuality "1"]
[WhiteTeam "Mongolia II"]
[BlackTeam "Berlin Lasker Legends"]
[WhiteTeamCountry "MGL"]
[BlackTeamCountry "GER"]

1. e4 c6 2. Nc3 d5 3. Nf3 Bg4 4. h3 Bh5 5. Be2 e6 6. 0-0 Nd7 7. d4 dxe4 8. Nxe4 Ngf6 9. Ng3 Bg6 10. c3 Bd6 11. Re1 Qc7 12. Nf1 0-0 13. Ne3 Rfe8 14. Nc4 Bf8 15. g3 Nd5 16. Nce5 Nxe5 17. Nxe5 c5 18. Bf3 cxd4 19. Qxd4 Bc5 20. Qh4 Rad8 21. Kg2 b5 22. a4 a6 23. Nxg6 hxg6 24. Qe4 Qb6 25. Qe2 Rd7 26. axb5 axb5 27. h4 Red8 28. Rh1 Nf6 29. b4 Be7 30. Be3 Qc7 31. Bd4 Nd5 32. h5 Nxc3 33. Bxc3 Qxc3 34. hxg6 Rd2 35. Qe1 Bxb4 36. Ra7 Qxf3+ 37. Kxf3 R2d3+ 38. Kg2 1-0

[Event "Reykjavik op"]
[Site "Reykjavik"]
[Date "2025.04.09"]
[Round "1"]
[White "Kunz, Andre"]
[Black "Bailet, Pierre"]
[Result "1/2-1/2"]
[WhiteElo "2115"]
[BlackElo "2495"]
[PlyCount "90"]
[EventDate "2025.04.09"]
[EventType "swiss"]
[EventRounds "9"]
[EventCountry "ISL"]
[SourceTitle "CB17_2025"]
[SourceDate "2025.04.23"]
[SourceVersion "1"]
[SourceVersionDate "2025.04.23"]
[SourceQuality "1"]

1. e4 e5 2. Nf3 Nc6 3. Bc4 Nf6 4. d3 h6 5. c3 d6 6. a4 g6 7. Nbd2 Bg7 8. 0-0 0-0 9. Re1 Kh7 10. Nf1 d5 11. Bb3 Be6 12. a5 b6 13. axb6 axb6 14. Rxa8 Qxa8 15. Ng3 Na5 16. Bc2 dxe4 17. Nxe4 Nxe4 18. dxe4 Rd8 19. Qe2 Bc4 20. Qe3 Nb3 21. Nd2 Nxd2 22. Bxd2 Kg8 23. Bc1 Qa2 24. Qf3 h5 25. Rd1 Rxd1+ 26. Qxd1 Qa1 27. h4 Bf8 28. Qd2 Be6 29. g3 Kh7 30. Kg2 Bg7 31. Bd3 Qa4 32. Qe2 Bg4 33. Bb5 Qa1 34. Qe3 Be6 35. b4 Bf8 36. Bd2 Qb2 37. Qd3 c5 38. Be3 cxb4 39. cxb4 Qxb4 40. Bxb6 Bc5 41. Bxc5 Qxc5 42. Ba6 Qc6 43. Bb5 Qc1 44. Qf1 Qc2 45. Qd3 Qc1 1/2-1/2

[Event "Titled Tuesday intern op 04th Mar Early"]
[Site "Chess.com INT"]
[Date "2025.03.04"]
[Round "7"]
[White "Kunz, Andre"]
[Black "Zepeda Berlanga, Jan Enrique"]
[Result "0-1"]
[WhiteElo "2115"]
[BlackElo "1967"]
[PlyCount "92"]
[EventDate "2025.03.04"]
[EventType "swiss (blitz)"]
[EventRounds "11"]
[EventCountry "USA"]
[SourceTitle "CB11_2025"]
[SourceDate "2025.03.12"]
[SourceVersion "1"]
[SourceVersionDate "2025.03.12"]
[SourceQuality "1"]

1. e4 c5 2. Nf3 d6 3. d4 cxd4 4. Nxd4 Nf6 5. Nc3 Nc6 6. Be2 e5 7. Ndb5 a6 8. Na3 Be6 9. Nc4 Be7 10. a4 Rc8 11. 0-0 Nd4 12. Ne3 0-0 13. h3 Qa5 14. Bd2 Qc7 15. a5 Nxe2+ 16. Qxe2 Bc4 17. Nxc4 Qxc4 18. Bg5 h6 19. Bxf6 Bxf6 20. Rac1 Bd8 21. Rfd1 Bxa5 22. Rxd6 Bxc3 23. Qxc4 Rxc4 24. bxc3 Rxe4 25. Rb6 Rc8 26. Rxb7 Rxc3 27. Rb2 a5 28. Ra1 a4 29. Raa2 f5 30. Kf1 Kf7 31. Rb7+ Kf6 32. Ra7 Rcc4 33. g3 f4 34. Kg2 g6 35. Ra6+ Kf5 36. h4 h5 37. Rb2 fxg3 38. fxg3 Re2+ 39. Kf1 Rcxc2 40. Rxc2 Rxc2 41. Rxa4 Rb2 42. Kg1 e4 43. Ra5+ Kg4 44. Rg5+ Kf3 45. Rxg6 e3 46. Rg5 e2 0-1

[Event "Titled Tuesday intern op 25th Feb Early"]
[Site "Chess.com INT"]
[Date "2025.02.25"]
[Round "4"]
[White "Kunz, Andre"]
[Black "Chan, Kim Yew"]
[Result "0-1"]
[WhiteElo "2115"]
[BlackElo "2311"]
[PlyCount "118"]
[EventDate "2025.02.25"]
[EventType "swiss (blitz)"]
[EventRounds "11"]
[EventCountry "USA"]
[SourceTitle "CB10_2025"]
[SourceDate "2025.03.05"]
[SourceVersion "1"]
[SourceVersionDate "2025.03.05"]
[SourceQuality "1"]

1. e4 d5 2. exd5 Qxd5 3. Nc3 Qd8 4. d4 Nf6 5. Nf3 Bg4 6. Be2 e6 7. h3 Bxf3 8. Bxf3 c6 9. Bf4 Bd6 10. Bxd6 Qxd6 11. Qd2 Nbd7 12. g4 h6 13. h4 0-0-0 14. 0-0-0 Kb8 15. Kb1 Nb6 16. g5 Nc4 17. Qc1 hxg5 18. hxg5 Nd5 19. Ne4 Qb4 20. Be2 Rxh1 21. Rxh1 Nd6 22. c3 Qa5 23. Nc5 b6 24. Nb3 Qa4 25. Rh7 Nf5 26. Bd3 Nde7 27. Qh1 c5 28. Rh8 Qd7 29. Rxd8+ Qxd8 30. Bxf5 Nxf5 31. dxc5 Qd3+ 32. Ka1 Qe2 33. cxb6 axb6 34. a4 Qxf2 35. Qc6 Ka7 36. Qc7+ Ka6 37. Qc8+ Ka7 38. Qd7+ Ka6 39. a5 Qf1+ 40. Ka2 Qb5 41. Qc8+ Ka7 42. Qc7+ Ka6 43. Qc8+ Ka7 44. axb6+ Qxb6 45. Qd7+ Ka6 46. Qa4+ Kb7 47. Qe4+ Kc7 48. Qc4+ Kd6 49. Qd3+ Ke7 50. Qc2 Nd6 51. Nd4 e5 52. Ne2 e4 53. Ng3 e3 54. Nf5+ Nxf5 55. Qxf5 Qe6+ 56. Qxe6+ Kxe6 57. Kb3 e2 58. g6 e1Q 59. gxf7 Kxf7 0-1

[Event "Titled Tuesday intern op 11th Feb Early"]
[Site "Chess.com INT"]
[Date "2025.02.11"]
[Round "2"]
[White "Kunz, Andre"]
[Black "Eltigani, Omar"]
[Result "0-1"]
[WhiteElo "2115"]
[BlackElo "2224"]
[PlyCount "102"]
[EventDate "2025.02.11"]
[EventType "swiss (blitz)"]
[EventRounds "11"]
[EventCountry "USA"]
[SourceTitle "CB08_2025"]
[SourceDate "2025.02.19"]
[SourceVersion "1"]
[SourceVersionDate "2025.02.19"]
[SourceQuality "1"]

1. e4 c5 2. Nf3 e6 3. d4 cxd4 4. Nxd4 a6 5. c4 Nf6 6. Nc3 Qc7 7. Be2 Be7 8. 0-0 b6 9. Bf3 Nc6 10. Nxc6 dxc6 11. Be3 e5 12. h3 0-0 13. Qc2 Be6 14. b3 b5 15. c5 a5 16. a3 Rfd8 17. Rfd1 Nd7 18. b4 Ra7 19. Bg4 Bxg4 20. hxg4 Rda8 21. Qb2 Nf8 22. Ne2 Ne6 23. Ng3 g6 24. Ne2 Bf6 25. f3 Kg7 26. Kf2 Ra6 27. Rh1 Qa7 28. Rad1 axb4 29. axb4 Ra2 30. Qc1 g5 31. Rh5 Qa3 32. Bxg5 Bxg5 33. Rxg5+ Kh8 34. Rh5 Qxb4 35. Qh6 Rxe2+ 36. Kxe2 Ra2+ 37. Rd2 Qc4+ 38. Ke1 Qc1+ 39. Ke2 Nf4+ 40. Kf2 Qxd2+ 41. Kg3 Ne2+ 42. Kh4 Qxh6 43. Rxh6 Nd4 44. Kg5 Kg7 45. Rd6 b4 46. f4 Ne6+ 47. Kf5 exf4 48. g5 Ra5 49. Rxc6 Rxc5+ 50. Rxc5 Nxc5 51. e5 b3 0-1

[Event "Titled Tuesday intern op 11th Feb Early"]
[Site "Chess.com INT"]
[Date "2025.02.11"]
[Round "1"]
[White "Kunz, Andre"]
[Black "Erten, Kerem"]
[Result "1-0"]
[WhiteElo "2115"]
[BlackElo "2333"]
[PlyCount "115"]
[EventDate "2025.02.11"]
[EventType "swiss (blitz)"]
[EventRounds "11"]
[EventCountry "USA"]
[SourceTitle "CB09_2025"]
[SourceDate "2025.02.27"]
[SourceVersion "1"]
[SourceVersionDate "2025.02.27"]
[SourceQuality "1"]

1. e4 e5 2. Nf3 Nc6 3. Bb5 Nf6 4. d3 Bc5 5. 0-0 d6 6. c3 0-0 7. h3 Bb6 8. Nbd2 a6 9. Ba4 h6 10. Re1 Kh8 11. Nf1 Nh5 12. Be3 Bxe3 13. fxe3 g6 14. g4 Nf6 15. Ng3 Kg7 16. Qe2 Be6 17. d4 Bd7 18. Bb3 Qe7 19. Kh2 Rh8 20. Rg1 Rae8 21. Raf1 Na5 22. Bc2 Bb5 23. Bd3 Bxd3 24. Qxd3 Nc6 25. Nh4 Nxg4+ 26. hxg4 Qxh4+ 27. Kg2 Rhf8 28. Qe2 Kh7 29. Rf3 Qg5 30. Kf1 Qxg4 31. Ke1 Qh4 32. Rh1 Qg5 33. Kd1 d5 34. exd5 Ne7 35. Ne4 Qf5 36. Rxf5 Nxf5 37. Nf6+ Kg7 38. Nxe8+ Rxe8 39. Qf2 e4 40. Kd2 Re7 41. Qf4 h5 42. Rg1 Rd7 43. Qxf5 Rd6 44. Qe5+ Kh7 45. Rf1 f6 46. Rxf6 Rd7 47. Qe6 Rg7 48. Rf7 Kh6 49. Rxg7 Kxg7 50. d6 cxd6 51. Qxd6 Kh6 52. Qe5 h4 53. Qxe4 g5 54. d5 Kh5 55. d6 h3 56. d7 g4 57. d8Q g3 58. Qdh4# 1-0

[Event "Titled Tuesday intern op 04th Feb Early"]
[Site "Chess.com INT"]
[Date "2025.02.04"]
[Round "2"]
[White "Kochiev, Ivan"]
[Black "Kunz, Andre"]
[Result "0-1"]
[WhiteElo "2071"]
[BlackElo "2115"]
[PlyCount "88"]
[EventDate "2025.02.04"]
[EventType "swiss (blitz)"]
[EventRounds "11"]
[EventCountry "USA"]
[SourceTitle "CB07_2025"]
[SourceDate "2025.02.12"]
[SourceVersion "1"]
[SourceVersionDate "2025.02.12"]
[SourceQuality "1"]

1. e4 c5 2. Nf3 d6 3. Bb5+ Bd7 4. Bxd7+ Qxd7 5. d4 cxd4 6. Nxd4 Nf6 7. Nc3 g6 8. Be3 Bg7 9. f3 0-0 10. Qd2 Nc6 11. 0-0-0 a6 12. Kb1 b5 13. g4 Ne5 14. h4 Nc4 15. Qe2 Nxe3 16. Qxe3 h5 17. g5 Ne8 18. f4 Nc7 19. f5 Kh7 20. Rhf1 b4 21. Nd5 Nxd5 22. exd5 Bxd4 23. Qxd4 gxf5 24. Qxb4 Rab8 25. Qf4 Kg6 26. Rd2 Qb5 27. c4 Qd7 28. Rdf2 e6 29. dxe6 fxe6 30. Rd2 Rb6 31. c5 Rb5 32. cxd6 Rc8 33. Qe3 Rbc5 34. Re1 e5 35. a3 R8c6 36. Qe2 Rxd6 37. Rxd6+ Qxd6 38. Qxe5 Rxe5 39. Rxe5 Qxe5 40. Ka2 Qd5+ 41. Kb1 Qb3 42. Kc1 f4 43. Kd2 f3 44. Ke1 Qe3+ 0-1

[Event "Titled Tuesday intern op 04th Feb Early"]
[Site "Chess.com INT"]
[Date "2025.02.04"]
[Round "6"]
[White "Vasynda, Oleksandr"]
[Black "Kunz, Andre"]
[Result "1-0"]
[WhiteElo "2209"]
[BlackElo "2115"]
[PlyCount "95"]
[EventDate "2025.02.04"]
[EventType "swiss (blitz)"]
[EventRounds "11"]
[EventCountry "USA"]
[SourceTitle "CB07_2025"]
[SourceDate "2025.02.12"]
[SourceVersion "1"]
[SourceVersionDate "2025.02.12"]
[SourceQuality "1"]

1. d4 Nf6 2. Nf3 d5 3. Bf4 Bf5 4. e3 e6 5. c4 c6 6. Qb3 Qb6 7. c5 Qxb3 8. axb3 Nbd7 9. b4 h6 10. h4 Be7 11. b5 0-0 12. Nc3 Ne4 13. bxc6 bxc6 14. Ba6 Bxc5 15. dxc5 Ndxc5 16. Nxe4 Bxe4 17. Bd6 Nb3 18. Ra3 Rfd8 19. Bc7 Rd7 20. Bg3 Nc5 21. 0-0 Nxa6 22. Rxa6 Bd3 23. Rxc6 Bxf1 24. Kxf1 Rb7 25. Be5 f6 26. Bc3 Kf7 27. Nd4 e5 28. Nf5 Rd8 29. Nd6+ Rxd6 30. Rxd6 Rb5 31. Ke2 a5 32. Ra6 d4 33. exd4 exd4 34. Bxd4 Rb4 35. Bc3 Re4+ 36. Kf3 Rxh4 37. Rxa5 Rc4 38. Ra7+ Kg6 39. g3 h5 40. Rb7 h4 41. Bd2 h3 42. Re7 Rd4 43. Bc3 Rd1 44. Re1 Rd3+ 45. Kg4 h2 46. Kh3 Kf5 47. Kxh2 Kg4 48. Kg2 1-0

[Event "Titled Tuesday intern op 28th Jan Early"]
[Site "Chess.com INT"]
[Date "2025.01.28"]
[Round "3"]
[White "Injac, Teodora"]
[Black "Kunz, Andre"]
[Result "1-0"]
[WhiteElo "2453"]
[BlackElo "2122"]
[PlyCount "61"]
[EventDate "2025.01.28"]
[EventType "swiss (blitz)"]
[EventRounds "11"]
[EventCountry "USA"]
[SourceTitle "CB06_2025"]
[SourceDate "2025.02.05"]
[SourceVersion "1"]
[SourceVersionDate "2025.02.05"]
[SourceQuality "1"]

1. d4 Nf6 2. Nf3 d5 3. e3 Bf5 4. c4 c6 5. Nc3 e6 6. Nh4 Bg6 7. Be2 Bd6 8. 0-0 Nbd7 9. g3 0-0 10. Nxg6 hxg6 11. b3 e5 12. cxd5 Nxd5 13. Nxd5 cxd5 14. dxe5 Bxe5 15. Rb1 Nf6 16. Ba3 Re8 17. Bf3 Ne4 18. Bb2 Bxb2 19. Rxb2 Rc8 20. Rc2 Qf6 21. Bg2 Rc6 22. Qd3 Rec8 23. Rxc6 Qxc6 24. h4 b6 25. Rd1 Qc2 26. Bxe4 dxe4 27. Qd7 Rc7 28. Qe8+ Kh7 29. Rd8 g5 30. h5 Qd1+ 31. Rxd1 1-0

[Event "Titled Tuesday intern op 14th Jan Early"]
[Site "Chess.com INT"]
[Date "2025.01.14"]
[Round "3"]
[White "Kunz, Andre"]
[Black "Makaraci, Tunahan"]
[Result "0-1"]
[WhiteElo "2122"]
[BlackElo "2233"]
[PlyCount "50"]
[EventDate "2025.01.14"]
[EventType "swiss (blitz)"]
[EventRounds "11"]
[EventCountry "USA"]
[SourceTitle "CB04_2025"]
[SourceDate "2025.01.22"]
[SourceVersion "1"]
[SourceVersionDate "2025.01.22"]
[SourceQuality "1"]

1. e4 c5 2. Nf3 d6 3. d4 cxd4 4. Nxd4 Nf6 5. Nc3 g6 6. Be2 Bg7 7. Be3 0-0 8. 0-0 Nc6 9. Nb3 Bd7 10. f4 Rc8 11. Qd2 a6 12. a4 Na5 13. e5 Nxb3 14. cxb3 dxe5 15. fxe5 Ng4 16. Bxg4 Bxg4 17. Qxd8 Rfxd8 18. h3 Be6 19. Bb6 Rd2 20. Rfe1 Rxb2 21. Ne4 Rxb3 22. a5 Bxe5 23. Rad1 Bc7 24. Nc5 Bxb6 25. axb6 Rxc5 0-1

[Event "Titled Tuesday intern op 14th Jan Early"]
[Site "Chess.com INT"]
[Date "2025.01.14"]
[Round "4"]
[White "Kunz, Andre"]
[Black "Seder, Mohamad"]
[Result "1-0"]
[WhiteElo "2122"]
[BlackElo "2041"]
[PlyCount "35"]
[EventDate "2025.01.14"]
[EventType "swiss (blitz)"]
[EventRounds "11"]
[EventCountry "USA"]
[SourceTitle "CB04_2025"]
[SourceDate "2025.01.22"]
[SourceVersion "1"]
[SourceVersionDate "2025.01.22"]
[SourceQuality "1"]

1. e4 c6 2. d4 d5 3. Nc3 dxe4 4. Nxe4 Nd7 5. Nf3 Ngf6 6. Neg5 e6 7. Bc4 Be7 8. Nxf7 Kxf7 9. Ng5+ Ke8 10. Nxe6 Qa5+ 11. Bd2 Qb6 12. Nxg7+ Kd8 13. Ne6+ Ke8 14. Bf4 Qa5+ 15. c3 Bd8 16. Qe2 Be7 17. Nc7+ Kf8 18. Bh6# 1-0

[Event "Titled Tuesday intern op 14th Jan Early"]
[Site "Chess.com INT"]
[Date "2025.01.14"]
[Round "6"]
[White "Yonal, Timur"]
[Black "Kunz, Andre"]
[Result "1-0"]
[WhiteElo "2194"]
[BlackElo "2122"]
[PlyCount "57"]
[EventDate "2025.01.14"]
[EventType "swiss (blitz)"]
[EventRounds "11"]
[EventCountry "USA"]
[SourceTitle "CB04_2025"]
[SourceDate "2025.01.22"]
[SourceVersion "1"]
[SourceVersionDate "2025.01.22"]
[SourceQuality "1"]

1. e4 c5 2. Nf3 d6 3. d4 cxd4 4. Nxd4 Nf6 5. Nc3 a6 6. a3 e5 7. Nf5 d5 8. Bg5 Bxf5 9. exf5 d4 10. Ne4 Nbd7 11. Bd3 Be7 12. Bxf6 Nxf6 13. 0-0 0-0 14. Qf3 Rc8 15. Nxf6+ Bxf6 16. Qxb7 Rb8 17. Qxa6 Rxb2 18. Qc6 Qe7 19. a4 Rbb8 20. a5 Rfc8 21. Qe4 Qc5 22. a6 Rc7 23. Rab1 Rxb1 24. Rxb1 h6 25. g3 Kh7 26. Rb8 Qe7 27. Qg4 e4 28. Bxe4 Bg5 29. h4 1-0

[Event "Titled Tuesday intern op 07th Jan Early"]
[Site "Chess.com INT"]
[Date "2025.01.07"]
[Round "9"]
[White "Ankit, Ray"]
[Black "Kunz, Andre"]
[Result "1-0"]
[WhiteElo "2288"]
[BlackElo "2122"]
[PlyCount "121"]
[EventDate "2025.01.07"]
[EventType "swiss (blitz)"]
[EventRounds "11"]
[EventCountry "USA"]
[SourceTitle "CB03_2025"]
[SourceDate "2025.01.15"]
[SourceVersion "1"]
[SourceVersionDate "2025.01.15"]
[SourceQuality "1"]

1. e4 c5 2. Nf3 d6 3. d4 cxd4 4. Nxd4 Nf6 5. Nc3 a6 6. Be2 e5 7. Nf3 Be7 8. Be3 0-0 9. h3 b5 10. a3 Bb7 11. Bd3 Nbd7 12. Qe2 Rc8 13. Nd2 Nc5 14. f3 d5 15. exd5 Nxd5 16. Bxc5 Bxc5 17. Nxd5 Qh4+ 18. Kd1 Bxd5 19. Ne4 Bd4 20. c3 Bb3+ 21. Kc1 Qh6+ 22. Kb1 Bb6 23. Nd2 Be6 24. Kc2 Rfd8 25. Rad1 Qh4 26. Qe4 Qxe4 27. Nxe4 f6 28. Be2 Kf7 29. Nd6+ Ke7 30. Nxc8+ Rxc8 31. Rd2 Bf5+ 32. Bd3 Be6 33. Bxh7 a5 34. Be4 b4 35. axb4 axb4 36. Rhd1 bxc3 37. bxc3 Ba5 38. Rd3 Rb8 39. Rb1 Rc8 40. Rb7+ Kf8 41. Rb5 Bd8 42. Rb7 Ba5 43. g4 Bc4 44. Rdd7 Be6 45. Rxg7 Bxc3 46. Rgc7 Rxc7 47. Rxc7 Bd4 48. Rc6 Kf7 49. Kd3 Ba2 50. h4 Bb1+ 51. Ke2 Ba2 52. h5 Kg7 53. Rc7+ Kh6 54. Rh7+ Kg5 55. Rg7+ Kf4 56. h6 Bc4+ 57. Kd2 Be3+ 58. Kc3 Be6 59. h7 Bd4+ 60. Kc2 f5 61. gxf5 1-0

[Event "Titled Tuesday intern op 07th Jan Early"]
[Site "Chess.com INT"]
[Date "2025.01.07"]
[Round "4"]
[White "Coe, William R"]
[Black "Kunz, Andre"]
[Result "0-1"]
[WhiteElo "2078"]
[BlackElo "2122"]
[PlyCount "90"]
[EventDate "2025.01.07"]
[EventType "swiss (blitz)"]
[EventRounds "11"]
[EventCountry "USA"]
[SourceTitle "CB03_2025"]
[SourceDate "2025.01.15"]
[SourceVersion "1"]
[SourceVersionDate "2025.01.15"]
[SourceQuality "1"]

1. e4 c5 2. Nf3 d6 3. d4 cxd4 4. Nxd4 Nf6 5. Nc3 a6 6. h3 e5 7. Nde2 h5 8. g3 Be7 9. Bg2 Be6 10. Be3 0-0 11. a4 Nbd7 12. 0-0 Rc8 13. Nd5 Bxd5 14. exd5 Nb6 15. b3 Nbd7 16. c4 Nc5 17. Nc3 a5 18. Nb5 b6 19. Rc1 Ne8 20. Na7 Rc7 21. Nc6 Qd7 22. Rc3 Qf5 23. g4 hxg4 24. hxg4 Qg6 25. f4 exf4 26. Bxf4 Bf6 27. Re3 Rd7 28. Rfe1 Nc7 29. Nd4 Bg5 30. Bxg5 Qxg5 31. Nf5 g6 32. Ng3 f5 33. gxf5 gxf5 34. Rf3 Rg7 35. Qe2 Re8 36. Qf2 Rxe1+ 37. Qxe1 f4 38. Bh3 fxg3 39. Kg2 Qg6 40. Bf5 Qh5 41. Bh3 Qg6 42. Bf5 Qg5 43. Bh3 Qe7 44. Qf1 Ne4 45. Bf5 Nd2 0-1

[Event "Titled Tuesday intern op 07th Jan Early"]
[Site "Chess.com INT"]
[Date "2025.01.07"]
[Round "10"]
[White "Kunz, Andre"]
[Black "Jovic, Stanoje"]
[Result "0-1"]
[WhiteElo "2122"]
[BlackElo "2096"]
[PlyCount "118"]
[EventDate "2025.01.07"]
[EventType "swiss (blitz)"]
[EventRounds "11"]
[EventCountry "USA"]
[SourceTitle "CB03_2025"]
[SourceDate "2025.01.15"]
[SourceVersion "1"]
[SourceVersionDate "2025.01.15"]
[SourceQuality "1"]

1. e4 c6 2. d4 d5 3. Nc3 dxe4 4. Nxe4 Nf6 5. Nxf6+ exf6 6. c3 Bd6 7. Bd3 0-0 8. Ne2 Qc7 9. Ng3 Re8+ 10. Be3 Bf4 11. Qf3 Bxe3 12. fxe3 Qe7 13. e4 c5 14. 0-0 cxd4 15. cxd4 Nc6 16. Qf2 Qb4 17. Ne2 Bg4 18. a3 Qxb2 19. Rfb1 Qd2 20. Rd1 Qg5 21. Bc2 Rad8 22. d5 Bxe2 23. Qxe2 Ne5 24. Rab1 b6 25. Rb3 f5 26. Rg3 Qf6 27. exf5 Nd7 28. Qf2 Nc5 29. h4 Re5 30. d6 Rxd6 31. Rxd6 Qxd6 32. f6 g6 33. Rf3 h6 34. g3 Rd5 35. Re3 Rd2 36. Re8+ Kh7 37. Re2 Rxe2 38. Qxe2 Qxg3+ 39. Kf1 Qxh4 40. Qe7 Qh1+ 41. Ke2 Qd5 42. Qf8 Qe5+ 43. Kd2 Qxf6 44. Kc1 h5 45. Qc8 h4 46. Qh3 Qf4+ 47. Kb2 f5 48. Qc3 Kh6 49. Qh8+ Kg5 50. Qd8+ Kg4 51. Bd1+ Kg3 52. Qd5 h3 53. Qh1 Qf2+ 54. Kc1 h2 55. Bc2 b5 56. Kb2 Nd3+ 57. Kc3 Nf4 58. Qd1 Qf3+ 59. Qxf3+ Kxf3 0-1